000 00813nam a22002297a 4500
003 UA-OsUOA
001 18564
007 ta
008 20040210b un ||||| |||| 00| 0 ukr d
100 _aВолодимирець В.О.
090 _bВ-681
942 _cBK
040 _aUA-OsUOA
_bukr
_cUA-OsUOA
_dUA-OsUOA
245 _aАнтропічна трансформація видового складу флори осушених територій у зв'язку з процесами її синантропізації
_bАвтореф. дис.на здоб.наук.ступ.канд.біол. наук
300 _a20 с.
955 _a0
041 _aukr
591 _a28.5(4Укр)
260 _aРівне
_bРДТУ
_c2003
044 _aUA
650 7 _aКраєзнавча робота
_2UDC
999 _c304735
_d304735